| 000 | 00496nam a2200205Ia 4500 | ||
|---|---|---|---|
| 003 | 0100 | ||
| 008 | 130307s9999 xx 000 0 und d | ||
| 020 | _a0836206835 | ||
| 040 | _cARRUPELIB | ||
| 050 | _aHQ76.M156 1976 | ||
| 100 | _aMcNeill, John J | ||
| 245 | 4 | _aThe church and the homosexual | |
| 260 | _aKansas City Kan. : | ||
| 260 | _bSheed Andrews and McMeel | ||
| 260 | _cc1976. | ||
| 300 | _axiii | ||
| 300 | _b211 p. 22 cm. | ||
| 650 | _bGodefroid de Fontaines | ||
| 942 | 0 | 0 | _01 |
| 999 |
_c99592 _d99592 |
||